<?xml version="1.0" encoding="UTF-8"?>
<record
    xmlns:xsi="http://www.w3.org/2001/XMLSchema-instance"
    xsi:schemaLocation="http://www.loc.gov/MARC21/slim http://www.loc.gov/standards/marcxml/schema/MARC21slim.xsd"
    xmlns="http://www.loc.gov/MARC21/slim">

  <leader>01344nab a2200241 i 4500</leader>
  <controlfield tag="001">BPP</controlfield>
  <controlfield tag="003">BPK</controlfield>
  <controlfield tag="005">20180214111155.0</controlfield>
  <controlfield tag="008">150507s2001    pl  |  |     |100 ||pol</controlfield>
  <datafield tag="040" ind1=" " ind2=" ">
    <subfield code="c">BPK</subfield>
  </datafield>
  <datafield tag="080" ind1=" " ind2=" ">
    <subfield code="a">528</subfield>
  </datafield>
  <datafield tag="100" ind1=" " ind2=" ">
    <subfield code="a">MIELEWCZYK, Stefan.</subfield>
    <subfield code="d">1996 - .</subfield>
    <subfield code="b">Politechnika Koszali&#x144;ska - Wydzia&#x142; Budownictwa i In&#x17C;ynierii &#x15A;rodowiska,</subfield>
    <subfield code="c">Zak&#x142;ad Gospodarki Przestrzennej i Katastru Nieruchomo&#x15B;ci</subfield>
  </datafield>
  <datafield tag="245" ind1=" " ind2=" ">
    <subfield code="a">Badanie zwi&#x105;zku mi&#x119;dzy poprawk&#x105; do warto&#x15B;ci podstawowej parceli u&#x17C;ytku zielonego ze wzgl&#x119;du na jej kszta&#x142;t, a wska&#x17A;nikiem kszta&#x142;tu /</subfield>
    <subfield code="c">Stefan Milewczyk.</subfield>
  </datafield>
  <datafield tag="260" ind1=" " ind2=" ">
    <subfield code="c">2001.</subfield>
  </datafield>
  <datafield tag="500" ind1=" " ind2=" ">
    <subfield code="a">Dane z autopsji.</subfield>
  </datafield>
  <datafield tag="520" ind1=" " ind2=" ">
    <subfield code="a">W pracy podj&#x119;to pr&#xF3;b&#x119; ustalenia zale&#x17C;no&#x15B;ci poprawki do warto&#x15B;ci podstawowej ze wzgl&#x119;du na kszta&#x142;t od jej wska&#x17A;nika kszta&#x142;tu, tj. od cech geometrycznych parceli. W badaniu ustalono, &#x17C;e w 79 procentach wska&#x17A;nik kszta&#x142;tu wyja&#x15B;nia wielko&#x15B;&#x107; poprawki ze wzgl&#x119;du na jej kszta&#x142;t.</subfield>
  </datafield>
  <datafield tag="650" ind1=" " ind2="0">
    <subfield code="a">Parcelacja grunt&#xF3;w.</subfield>
  </datafield>
  <datafield tag="650" ind1=" " ind2="0">
    <subfield code="a">&#x141;&#x105;ki i pastwiska.</subfield>
  </datafield>
  <datafield tag="655" ind1=" " ind2="0">
    <subfield code="a">Materia&#x142;y konferencyjne.</subfield>
  </datafield>
  <datafield tag="773" ind1=" " ind2=" ">
    <subfield code="i">W :</subfield>
    <subfield code="t">Zeszyty Naukowe Politechniki Zielonog&#xF3;rskiej. -</subfield>
    <subfield code="g">2001, z. 127, s. 192-201</subfield>
    <subfield code="k">Budownictwo 35</subfield>
  </datafield>
  <datafield tag="711" ind1=" " ind2=" ">
    <subfield code="a">Konferencja Katedr i Zak&#x142;ad&#xF3;w Geodezji na Wydzia&#x142;ach Niegeodezyjnych</subfield>
    <subfield code="n">(16 ;</subfield>
    <subfield code="d">2001 ;</subfield>
    <subfield code="c">Zielona G&#xF3;ra - &#x141;ag&#xF3;w, Polska).</subfield>
  </datafield>
  <datafield tag="942" ind1=" " ind2=" ">
    <subfield code="c">ART</subfield>
    <subfield code="2">UKD</subfield>
  </datafield>
  <datafield tag="999" ind1=" " ind2=" ">
    <subfield code="c">6300</subfield>
    <subfield code="d">6300</subfield>
  </datafield>
</record>
